000 00233nam a2200097Ia 4500
008 240331s9999 xx 000 0 und d
082 _bSHA
100 _aChakravarti, U. ed
245 0 _aShadow lives :
_bwritings on widowhood
942 _cL
999 _c1950
_d1950